00509 2200193 4500001002100000005001500021035002000036245007000056100000900126250001000135300002200145260003100167082000800198084001400206020002200220650001800242008004100260990001400301INLIS00000000000204420260428085100 a0010-04260000431 aEtika di Ruang Publik :bPendekatan Politik dan Manajemen /cAbas0 aAbas aCet I a686 hlm. ;c28 cm aDepok :bAlta Utama,c2017 a175 a175 ABA e a978-602-6563-61-3 4aEtika Politik260428 0 ind  a201700252